Návrh riadenia systému križovatiek pomocou neuroevolúcie

Saved in:
Bibliographic Details
Main Author: Janíček, Radoslav (Author)
Other Authors: Sekaj, Ivan (Thesis advisor)
Format: Manuscript Book
Language:Slovak
Published: Bratislava : STU v Bratislave FEI, 2025
Subjects:
Online Access:https://opac.crzp.sk/?fn=detailBiblioFormChildG5AM4&sid=8D80AD18777FCC7F64BCB14DC29E&seo=CRZP-detail-kniha
Tags: Add Tag
No Tags, Be the first to tag this record!

MARC

LEADER 00000ntm a22000003a 4500
001 stuzp96632
003 SK-STU
005 20260210091142.0
007 ta
008 150427s2015----xo-----f-mn---000-0-slo-d
040 |a STU  |b slo 
041 0 |a slo 
044 |a xo 
100 1 |a Janíček, Radoslav  |u 031000  |4 aut  |U FEI Fakulta elektrotechniky a informatiky  |T FEI Ústav robotiky a kybernetiky  |X 116895  |U E011  |Y 356  |7 116895 
242 0 1 |a Design of Crossroad System using Neuroevolution  |y eng 
245 1 0 |a Návrh riadenia systému križovatiek pomocou neuroevolúcie 
260 |a Bratislava :  |b STU v Bratislave FEI,  |c 2025 
300 |a 77 s. 
650 4 |a neuroevolúcia  |2 slo 
650 4 |a genetický algoritmus  |2 slo 
650 4 |a inteligentné riadenie križovatiek  |2 slo 
650 4 |a simulácia  |2 slo 
650 4 |a MATLAB  |2 slo 
650 4 |a decentralizované riadenie  |2 slo 
650 4 |a centralizované riadenie  |2 slo 
650 4 |a simulation  |2 eng 
650 4 |a centralized control  |2 eng 
650 4 |a neuroevolution  |2 eng 
650 4 |a genetic algorithm  |2 eng 
650 4 |a intelligent control of crossroads  |2 eng 
650 4 |a MATLAB  |2 eng 
650 4 |a decentralized control  |2 eng 
700 1 |a Sekaj, Ivan  |u 031000  |k Z1  |4 ths  |U FEI Fakulta elektrotechniky a informatiky  |T FEI Ústav robotiky a kybernetiky  |X 4946  |U E011  |Y 356  |7 A000004946 
856 4 |u https://opac.crzp.sk/?fn=detailBiblioFormChildG5AM4&sid=8D80AD18777FCC7F64BCB14DC29E&seo=CRZP-detail-kniha